[Event "DVM U20w 2023"]
[Site "Magdeburg GER"]
[Date "2023.12.28"]
[Round "3"]
[White "Milman, Sophie"]
[Black "Muhina, Liana"]
[Result "1-0"]
[Termination "normal"]
[Board "4.4"]
[WhiteElo "1184"]
[BlackElo "1192"]
[WhiteClock "00:26:16"]
[BlackClock "00:26:57"]
[WhiteTeam "VSG 1880 Offenbach"]
[BlackTeam "SC Garching 1980"]
[PlyCount "141"]
[WhiteFideId "34608885"]
[BlackFideId "16266145"]
[EventCountry "GER"]
[EventRounds "7"]
[EventType "team-swiss"]
[EventDate "2023.12.26"]

1. e4 {[%clk 01:30:56]} {[%emt 00:00:03]} d5 {[%clk 01:30:49]} {[%emt
00:00:11]} 2. exd5 {[%clk 01:31:16]} {[%emt 00:00:10]} Qxd5 {[%clk 01:31:12]}
{[%emt 00:00:07]} 3. Nc3 {[%clk 01:31:38]} {[%emt 00:00:08]} Qa5 {[%clk
01:31:33]} {[%emt 00:00:10]} 4. d4 {[%clk 01:31:30]} {[%emt 00:00:38]} Nf6
{[%clk 01:31:51]} {[%emt 00:00:11]} 5. Bc4 {[%clk 01:27:48]} {[%emt 00:04:11]}
c6 {[%clk 01:31:06]} {[%emt 00:01:16]} 6. h3 {[%clk 01:24:05]} {[%emt
00:04:14]} Bf5 {[%clk 01:29:47]} {[%emt 00:01:48]} 7. Bf4 {[%clk 01:20:25]}
{[%emt 00:04:11]} e6 {[%clk 01:28:58]} {[%emt 00:01:19]} 8. a3 {[%clk
01:17:57]} {[%emt 00:02:57]} Ne4 {[%clk 01:24:52]} {[%emt 00:04:35]} 9. Nge2
{[%clk 01:12:45]} {[%emt 00:05:41]} Nd7 {[%clk 01:16:55]} {[%emt 00:08:28]} 10.
O-O {[%clk 01:11:28]} {[%emt 00:01:47]} g5 {[%clk 01:15:11]} {[%emt 00:02:15]}
11. Bg3 {[%clk 01:03:33]} {[%emt 00:08:25]} Ndf6 {[%clk 01:10:59]} {[%emt
00:04:42]} 12. Be5 {[%clk 00:56:05]} {[%emt 00:07:57]} Be7 {[%clk 01:02:17]}
{[%emt 00:09:13]} 13. Nxe4 {[%clk 00:54:01]} {[%emt 00:02:34]} Bxe4 {[%clk
01:02:13]} {[%emt 00:00:34]} 14. Ng3 {[%clk 00:51:00]} {[%emt 00:03:30]} Bg6
{[%clk 01:00:47]} {[%emt 00:01:57]} 15. Qf3 {[%clk 00:43:14]} {[%emt 00:08:16]}
Qd8 {[%clk 00:57:51]} {[%emt 00:03:24]} 16. Bd3 {[%clk 00:38:34]} {[%emt
00:05:11]} Rg8 {[%clk 00:52:28]} {[%emt 00:05:53]} 17. Bxf6 {[%clk 00:33:40]}
{[%emt 00:05:24]} Bxf6 {[%clk 00:52:42]} {[%emt 00:00:17]} 18. Bxg6 {[%clk
00:32:40]} {[%emt 00:01:30]} Rxg6 {[%clk 00:52:14]} {[%emt 00:00:58]} 19. c3
{[%clk 00:31:18]} {[%emt 00:01:51]} Qb6 {[%clk 00:49:38]} {[%emt 00:03:05]} 20.
Rab1 {[%clk 00:30:06]} {[%emt 00:01:43]} O-O-O {[%clk 00:48:46]} {[%emt
00:01:22]} 21. Rfe1 {[%clk 00:26:20]} {[%emt 00:04:15]} Qc7 {[%clk 00:45:52]}
{[%emt 00:03:25]} 22. Ne4 {[%clk 00:23:05]} {[%emt 00:03:45]} Qf4 {[%clk
00:42:54]} {[%emt 00:03:29]} 23. Qxf4 {[%clk 00:20:09]} {[%emt 00:03:25]} gxf4
{[%clk 00:43:13]} {[%emt 00:00:11]} 24. Nxf6 {[%clk 00:20:01]} {[%emt
00:00:39]} Rxf6 {[%clk 00:43:28]} {[%emt 00:00:15]} 25. Kh2 {[%clk 00:17:34]}
{[%emt 00:02:56]} Rg8 {[%clk 00:40:51]} {[%emt 00:03:07]} 26. f3 {[%clk
00:15:23]} {[%emt 00:02:42]} Rfg6 {[%clk 00:40:09]} {[%emt 00:01:12]} 27. Rg1
{[%clk 00:13:07]} {[%emt 00:02:45]} Kc7 {[%clk 00:39:10]} {[%emt 00:01:29]} 28.
c4 {[%clk 00:11:19]} {[%emt 00:02:18]} Rd8 {[%clk 00:37:17]} {[%emt 00:02:23]}
29. Rbd1 {[%clk 00:11:10]} {[%emt 00:00:39]} Rg5 {[%clk 00:37:10]} {[%emt
00:00:37]} 30. a4 {[%clk 00:09:02]} {[%emt 00:02:38]} a6 {[%clk 00:32:55]}
{[%emt 00:04:46]} 31. g3 {[%clk 00:05:47]} {[%emt 00:03:44]} fxg3+ {[%clk
00:30:43]} {[%emt 00:02:42]} 32. Rxg3 {[%clk 00:06:04]} {[%emt 00:00:13]} Rxg3
{[%clk 00:31:09]} {[%emt 00:00:05]} 33. Kxg3 {[%clk 00:06:28]} {[%emt
00:00:06]} Kb6 {[%clk 00:31:21]} {[%emt 00:00:18]} 34. Kf4 {[%clk 00:05:12]}
{[%emt 00:01:45]} Ka5 {[%clk 00:31:15]} {[%emt 00:00:35]} 35. b3 {[%clk
00:04:53]} {[%emt 00:00:50]} Kb4 {[%clk 00:31:34]} {[%emt 00:00:11]} 36. Rd3
{[%clk 00:05:00]} {[%emt 00:00:23]} c5 {[%clk 00:27:40]} {[%emt 00:04:23]} 37.
d5 {[%clk 00:04:19]} {[%emt 00:01:12]} exd5 {[%clk 00:25:44]} {[%emt 00:02:26]}
38. Rxd5 {[%clk 00:04:36]} {[%emt 00:00:13]} Rf8 {[%clk 00:25:28]} {[%emt
00:00:46]} 39. Rd3 {[%clk 00:04:44]} {[%emt 00:00:22]} b5 {[%clk 00:23:22]}
{[%emt 00:02:35]} 40. axb5 {[%clk 00:05:01]} {[%emt 00:00:14]} axb5 {[%clk
00:23:32]} {[%emt 00:00:20]} 41. cxb5 {[%clk 00:05:26]} {[%emt 00:00:06]} Kxb5
{[%clk 00:23:56]} {[%emt 00:00:06]} 42. Kf5 {[%clk 00:05:36]} {[%emt 00:00:20]}
Kb4 {[%clk 00:22:33]} {[%emt 00:01:52]} 43. f4 {[%clk 00:05:24]} {[%emt
00:00:43]} Rb8 {[%clk 00:18:46]} {[%emt 00:04:17]} 44. Kf6 {[%clk 00:05:06]}
{[%emt 00:00:48]} Rb7 {[%clk 00:19:06]} {[%emt 00:00:10]} 45. f5 {[%clk
00:05:00]} {[%emt 00:00:37]} Ka3 {[%clk 00:18:36]} {[%emt 00:00:59]} 46. Rc3
{[%clk 00:02:44]} {[%emt 00:02:47]} Kb4 {[%clk 00:18:19]} {[%emt 00:00:46]} 47.
Rc1 {[%clk 00:03:02]} {[%emt 00:00:12]} Kb5 {[%clk 00:17:55]} {[%emt 00:00:54]}
48. Kg7 {[%clk 00:02:57]} {[%emt 00:00:36]} Kc6 {[%clk 00:14:02]} {[%emt
00:04:23]} 49. Rc3 {[%clk 00:03:00]} {[%emt 00:00:26]} Kd5 {[%clk 00:11:29]}
{[%emt 00:03:03]} 50. Kxh7 {[%clk 00:02:39]} {[%emt 00:00:52]} Kd4 {[%clk
00:11:22]} {[%emt 00:00:36]} 51. Rg3 {[%clk 00:02:03]} {[%emt 00:01:06]} Ke5
{[%clk 00:11:12]} {[%emt 00:00:40]} 52. h4 {[%clk 00:01:36]} {[%emt 00:00:58]}
Kxf5 {[%clk 00:08:07]} {[%emt 00:03:35]} 53. h5 {[%clk 00:01:10]} {[%emt
00:00:56]} Kf4 {[%clk 00:05:22]} {[%emt 00:03:15]} 54. Rc3 {[%clk 00:01:13]}
{[%emt 00:00:26]} f5+ {[%clk 00:04:40]} {[%emt 00:01:12]} 55. Kg6 {[%clk
00:01:08]} {[%emt 00:00:35]} Rc7 {[%clk 00:01:49]} {[%emt 00:03:22]} 56. b4
{[%clk 00:00:56]} {[%emt 00:00:42]} c4 {[%clk 00:00:54]} {[%emt 00:01:24]} 57.
b5 {[%clk 00:01:05]} {[%emt 00:00:22]} Rc5 {[%clk 00:01:13]} {[%emt 00:00:10]}
58. h6 {[%clk 00:01:04]} {[%emt 00:00:31]} Rxb5 {[%clk 00:00:51]} {[%emt
00:00:52]} 59. Rxc4+ {[%clk 00:01:21]} {[%emt 00:00:14]} Ke3 {[%clk 00:00:59]}
{[%emt 00:00:21]} 60. h7 {[%clk 00:00:31]} {[%emt 00:01:20]} Rb8 {[%clk
00:30:30]} {[%emt 00:00:59]} 61. Kxf5 {[%clk 00:29:53]} {[%emt 00:01:08]} Rb5+
{[%clk 00:29:21]} {[%emt 00:01:38]} 62. Kg4 {[%clk 00:27:44]} {[%emt 00:02:39]}
Rb8 {[%clk 00:29:12]} {[%emt 00:00:41]} 63. Rc7 {[%clk 00:26:59]} {[%emt
00:01:14]} Ke4 {[%clk 00:28:28]} {[%emt 00:01:15]} 64. Kg5 {[%clk 00:27:12]}
{[%emt 00:00:17]} Kd5 {[%clk 00:28:31]} {[%emt 00:00:26]} 65. Kg6 {[%clk
00:27:06]} {[%emt 00:00:35]} Kd6 {[%clk 00:28:34]} {[%emt 00:00:28]} 66. Rg7
{[%clk 00:27:08]} {[%emt 00:00:28]} Ke5 {[%clk 00:28:17]} {[%emt 00:00:47]} 67.
Rg8 {[%clk 00:26:29]} {[%emt 00:01:10]} Rb6+ {[%clk 00:28:15]} {[%emt
00:00:30]} 68. Kg5 {[%clk 00:26:24]} {[%emt 00:00:36]} Rb5 {[%clk 00:26:47]}
{[%emt 00:01:58]} 69. h8=Q+ {[%clk 00:26:00]} Kd6+ {[%clk 00:27:08]} {[%emt
00:01:03]} 70. Kf6 {[%clk 00:26:13]} Kc5 {[%clk 00:26:57]} {[%emt 00:00:59]}
71. Rg5+ {[%clk 00:26:16]} 1-0

[Event "DVM U20w 2023"]
[Site "Magdeburg GER"]
[Date "2023.12.28"]
[Round "3"]
[White "Ulrich, Helena Irene"]
[Black "Hafermann, Lara"]
[Result "1/2-1/2"]
[Termination "normal"]
[Board "5.1"]
[WhiteElo "1779"]
[BlackElo "1575"]
[WhiteClock "00:49:12"]
[BlackClock "01:16:12"]
[WhiteTeam "SK Münster 32"]
[BlackTeam "SC Borussia Lichtenberg"]
[PlyCount "40"]
[WhiteFideId "16256000"]
[BlackFideId "16298306"]
[EventCountry "GER"]
[EventRounds "7"]
[EventType "team-swiss"]
[EventDate "2023.12.26"]

1. e4 {[%clk 01:30:58]} {[%emt 00:00:02]} d5 {[%clk 01:30:54]} {[%emt
00:00:07]} 2. exd5 {[%clk 01:31:13]} {[%emt 00:00:15]} Qxd5 {[%clk 01:31:17]}
{[%emt 00:00:06]} 3. Nc3 {[%clk 01:31:39]} {[%emt 00:00:04]} Qd6 {[%clk
01:31:40]} {[%emt 00:00:07]} 4. d4 {[%clk 01:32:01]} {[%emt 00:00:08]} Nf6
{[%clk 01:32:05]} {[%emt 00:00:05]} 5. Nf3 {[%clk 01:31:50]} {[%emt 00:00:40]}
c6 {[%clk 01:32:29]} {[%emt 00:00:06]} 6. g3 {[%clk 01:31:43]} {[%emt
00:00:37]} Bf5 {[%clk 01:32:42]} {[%emt 00:00:17]} 7. Bg2 {[%clk 01:31:04]}
{[%emt 00:01:09]} h6 {[%clk 01:32:43]} {[%emt 00:00:30]} 8. O-O {[%clk
01:29:15]} {[%emt 00:02:19]} e6 {[%clk 01:32:48]} {[%emt 00:00:26]} 9. Re1
{[%clk 01:26:05]} {[%emt 00:03:40]} Qc7 {[%clk 01:31:39]} {[%emt 00:01:39]} 10.
Bf4 {[%clk 01:23:22]} {[%emt 00:03:12]} Bd6 {[%clk 01:32:00]} {[%emt 00:00:10]}
11. Bxd6 {[%clk 01:21:11]} {[%emt 00:02:41]} Qxd6 {[%clk 01:31:03]} {[%emt
00:01:28]} 12. Ne5 {[%clk 01:13:33]} {[%emt 00:08:07]} Nbd7 {[%clk 01:29:47]}
{[%emt 00:01:46]} 13. Ne4 {[%clk 00:59:53]} {[%emt 00:14:10]} Bxe4 {[%clk
01:23:31]} {[%emt 00:06:46]} 14. Bxe4 {[%clk 00:59:51]} {[%emt 00:00:31]} Nxe4
{[%clk 01:23:52]} {[%emt 00:00:11]} 15. Rxe4 {[%clk 01:00:19]} {[%emt
00:00:02]} Nxe5 {[%clk 01:22:33]} {[%emt 00:01:49]} 16. Rxe5 {[%clk 00:58:03]}
{[%emt 00:02:45]} O-O-O {[%clk 01:21:05]} {[%emt 00:01:58]} 17. c3 {[%clk
00:55:50]} {[%emt 00:02:42]} Qxe5 {[%clk 01:15:38]} {[%emt 00:05:57]} 18. dxe5
{[%clk 00:56:14]} {[%emt 00:00:07]} Rxd1+ {[%clk 01:15:53]} {[%emt 00:00:16]}
19. Rxd1 {[%clk 00:56:39]} {[%emt 00:00:04]} Rd8 {[%clk 01:16:11]} {[%emt
00:00:12]} 20. Rxd8+ {[%clk 00:49:12]} {[%emt 00:07:56]} Kxd8 {[%clk 01:16:12]}
{[%emt 00:00:30]} 1/2-1/2

[Event "DVM U20w 2023"]
[Site "Magdeburg GER"]
[Date "2023.12.28"]
[Round "3"]
[White "Hopp, Celina"]
[Black "Clauß, Annika"]
[Result "1-0"]
[Termination "normal"]
[Board "5.2"]
[WhiteElo "1583"]
[BlackElo "1556"]
[WhiteClock "00:18:01"]
[BlackClock "00:01:08"]
[WhiteTeam "SC Borussia Lichtenberg"]
[BlackTeam "SK Münster 32"]
[PlyCount "49"]
[WhiteFideId "16235240"]
[BlackFideId "16261380"]
[EventCountry "GER"]
[EventRounds "7"]
[EventType "team-swiss"]
[EventDate "2023.12.26"]

1. e4 {[%clk 01:30:53]} {[%emt 00:00:07]} c5 {[%clk 01:30:51]} {[%emt
00:00:09]} 2. Nf3 {[%clk 01:31:04]} {[%emt 00:00:21]} e6 {[%clk 01:31:11]}
{[%emt 00:00:08]} 3. Nc3 {[%clk 01:29:40]} {[%emt 00:01:55]} Nc6 {[%clk
01:27:31]} {[%emt 00:04:09]} 4. d4 {[%clk 01:25:02]} {[%emt 00:05:09]} cxd4
{[%clk 01:26:29]} {[%emt 00:01:32]} 5. Nxd4 {[%clk 01:25:07]} {[%emt 00:00:26]}
a6 {[%clk 01:26:39]} {[%emt 00:00:19]} 6. Be2 {[%clk 01:23:58]} {[%emt
00:01:39]} Nf6 {[%clk 01:25:45]} {[%emt 00:01:23]} 7. Nxc6 {[%clk 01:16:48]}
{[%emt 00:07:41]} bxc6 {[%clk 01:25:42]} {[%emt 00:00:33]} 8. Bf3 {[%clk
01:15:22]} {[%emt 00:01:56]} Qc7 {[%clk 01:25:02]} {[%emt 00:01:09]} 9. O-O
{[%clk 01:14:17]} {[%emt 00:01:36]} Be7 {[%clk 01:24:48]} {[%emt 00:00:44]} 10.
Re1 {[%clk 01:13:55]} {[%emt 00:00:52]} O-O {[%clk 01:23:21]} {[%emt 00:01:56]}
11. Bg5 {[%clk 01:08:40]} {[%emt 00:05:48]} Bd8 {[%clk 01:01:51]} {[%emt
00:21:58]} 12. Qd2 {[%clk 01:01:43]} {[%emt 00:07:28]} d5 {[%clk 00:52:55]}
{[%emt 00:09:26]} 13. e5 {[%clk 00:54:07]} {[%emt 00:08:06]} Nd7 {[%clk
00:51:56]} {[%emt 00:01:28]} 14. Bxd8 {[%clk 00:53:44]} {[%emt 00:00:55]} Rxd8
{[%clk 00:52:18]} {[%emt 00:00:07]} 15. Qg5 {[%clk 00:53:18]} {[%emt 00:00:56]}
Nf8 {[%clk 00:49:01]} {[%emt 00:03:46]} 16. Rad1 {[%clk 00:50:13]} {[%emt
00:03:36]} Rb8 {[%clk 00:42:34]} {[%emt 00:06:56]} 17. b3 {[%clk 00:48:52]}
{[%emt 00:01:52]} a5 {[%clk 00:39:16]} {[%emt 00:03:49]} 18. Rd4 {[%clk
00:39:24]} {[%emt 00:09:57]} Ng6 {[%clk 00:37:26]} {[%emt 00:02:19]} 19. Bh5
{[%clk 00:30:07]} {[%emt 00:09:48]} c5 {[%clk 00:10:53]} {[%emt 00:27:02]} 20.
Rd3 {[%clk 00:26:04]} {[%emt 00:04:33]} Ba6 {[%clk 00:10:12]} {[%emt 00:01:09]}
21. Rf3 {[%clk 00:25:50]} {[%emt 00:00:46]} d4 {[%clk 00:07:37]} {[%emt
00:03:05]} 22. Bxg6 {[%clk 00:23:16]} {[%emt 00:03:04]} hxg6 {[%emt 00:00:34]}
23. Ne4 {[%clk 00:22:29]} {[%emt 00:01:15]} Bb7 {[%clk 00:05:00]} {[%emt
00:03:04]} 24. Rh3 {[%clk 00:21:24]} {[%emt 00:01:38]} Rd5 {[%clk 00:01:08]}
{[%emt 00:04:21]} 25. Nf6+ {[%clk 00:18:01]} {[%emt 00:03:54]} 1-0

[Event "DVM U20w 2023"]
[Site "Magdeburg GER"]
[Date "2023.12.28"]
[Round "3"]
[White "Jeschke, Melissa"]
[Black "Kessen, Fanny"]
[Result "0-1"]
[Termination "normal"]
[Board "5.3"]
[WhiteElo "1060"]
[BlackElo "1419"]
[WhiteClock "01:35:36"]
[BlackClock "01:05:26"]
[WhiteTeam "SK Münster 32"]
[BlackTeam "SC Borussia Lichtenberg"]
[PlyCount "40"]
[WhiteFideId "34663185"]
[BlackFideId "16217357"]
[EventCountry "GER"]
[EventRounds "7"]
[EventType "team-swiss"]
[EventDate "2023.12.26"]

1. e4 {[%clk 01:30:59]} {[%emt 00:00:01]} e5 {[%clk 01:30:59]} {[%emt
00:00:01]} 2. Nf3 {[%clk 01:31:27]} {[%emt 00:00:01]} Nc6 {[%clk 01:31:23]}
{[%emt 00:00:06]} 3. Bb5 {[%clk 01:31:28]} {[%emt 00:00:29]} a6 {[%clk
01:31:15]} {[%emt 00:00:39]} 4. Ba4 {[%clk 01:31:56]} {[%emt 00:00:01]} Nf6
{[%clk 01:31:17]} {[%emt 00:00:29]} 5. O-O {[%clk 01:32:24]} {[%emt 00:00:01]}
b5 {[%clk 01:31:37]} {[%emt 00:00:11]} 6. Bb3 {[%clk 01:32:51]} {[%emt
00:00:02]} Be7 {[%clk 01:31:28]} {[%emt 00:00:38]} 7. Re1 {[%clk 01:33:17]}
{[%emt 00:00:05]} O-O {[%clk 01:31:50]} {[%emt 00:00:09]} 8. c3 {[%clk
01:33:40]} {[%emt 00:00:07]} d5 9. exd5 {[%clk 01:34:09]} Nxd5 {[%clk
01:25:57]} {[%emt 00:00:19]} 10. Nxe5 {[%clk 01:34:37]} {[%emt 00:00:01]} Nxe5
{[%clk 01:25:50]} {[%emt 00:00:37]} 11. Rxe5 {[%clk 01:35:03]} {[%emt
00:00:04]} Nf6 {[%clk 01:24:17]} {[%emt 00:02:04]} 12. d4 {[%clk 01:34:11]}
{[%emt 00:01:21]} Bd6 {[%clk 01:24:04]} {[%emt 00:00:43]} 13. Re1 {[%clk
01:34:36]} {[%emt 00:00:05]} Bxh2+ {[%clk 01:08:45]} {[%emt 00:15:50]} 14. Kxh2
{[%clk 01:33:55]} {[%emt 00:01:11]} Ng4+ {[%clk 01:08:52]} {[%emt 00:00:22]}
15. Kg1 {[%clk 01:34:23]} {[%emt 00:00:01]} Qh4 {[%clk 01:08:24]} {[%emt
00:01:00]} 16. Bf4 {[%clk 01:34:38]} {[%emt 00:00:14]} Qxf2+ {[%clk 01:08:04]}
{[%emt 00:00:51]} 17. Kh1 {[%clk 01:35:03]} {[%emt 00:00:04]} Qxf4 {[%clk
01:06:59]} {[%emt 00:01:35]} 18. Kg1 {[%clk 01:34:39]} {[%emt 00:00:54]} Qh2+
{[%clk 01:05:11]} {[%emt 00:02:18]} 19. Kf1 {[%clk 01:35:08]} {[%emt 00:00:02]}
Qh1+ {[%clk 01:05:25]} {[%emt 00:00:16]} 20. Ke2 {[%clk 01:35:36]} {[%emt
00:00:01]} Qxg2+ {[%clk 01:05:26]} {[%emt 00:00:29]} 0-1

[Event "DVM U20w 2023"]
[Site "Magdeburg GER"]
[Date "2023.12.28"]
[Round "3"]
[White "Ludwig, Lea"]
[Black "Golden, Roshaniya"]
[Result "0-1"]
[Termination "normal"]
[Board "5.4"]
[WhiteElo "1333"]
[BlackElo "968"]
[WhiteClock "01:02:46"]
[BlackClock "01:17:44"]
[WhiteTeam "SC Borussia Lichtenberg"]
[BlackTeam "SK Münster 32"]
[PlyCount "36"]
[WhiteFideId "16217381"]
[BlackFideId "34681663"]
[EventCountry "GER"]
[EventRounds "7"]
[EventType "team-swiss"]
[EventDate "2023.12.26"]

1. d4 {[%clk 01:30:59]} {[%emt 00:00:02]} Nf6 {[%clk 01:30:42]} {[%emt
00:00:18]} 2. Nf3 {[%clk 01:30:49]} {[%emt 00:00:39]} d5 {[%clk 01:30:57]}
{[%emt 00:00:14]} 3. Bf4 {[%clk 01:30:36]} {[%emt 00:00:45]} Bg4 {[%clk
01:29:38]} {[%emt 00:01:48]} 4. e3 {[%clk 01:24:37]} {[%emt 00:06:28]} e6
{[%clk 01:29:51]} {[%emt 00:00:17]} 5. Bd3 {[%clk 01:23:19]} {[%emt 00:01:48]}
Bb4+ {[%clk 01:27:20]} {[%emt 00:03:01]} 6. c3 {[%clk 01:23:20]} {[%emt
00:00:29]} Be7 {[%clk 01:27:40]} {[%emt 00:00:11]} 7. Nbd2 {[%clk 01:23:35]}
{[%emt 00:00:14]} O-O {[%clk 01:27:57]} {[%emt 00:00:13]} 8. h3 {[%clk
01:23:52]} {[%emt 00:00:15]} Bh5 {[%clk 01:27:50]} {[%emt 00:00:35]} 9. g4
{[%clk 01:23:43]} {[%emt 00:00:40]} Bg6 {[%clk 01:27:52]} {[%emt 00:00:27]} 10.
Bxg6 {[%clk 01:22:03]} {[%emt 00:02:11]} fxg6 {[%clk 01:28:09]} {[%emt
00:00:12]} 11. Ne5 {[%clk 01:20:09]} {[%emt 00:02:25]} Nbd7 {[%clk 01:26:43]}
{[%emt 00:01:56]} 12. Ndf3 {[%clk 01:19:19]} {[%emt 00:01:20]} Ne4 {[%clk
01:24:58]} {[%emt 00:02:13]} 13. Nxd7 {[%clk 01:13:00]} {[%emt 00:06:50]} Qxd7
{[%clk 01:25:09]} {[%emt 00:00:20]} 14. h4 {[%clk 01:10:35]} {[%emt 00:02:54]}
c5 {[%clk 01:20:52]} {[%emt 00:04:46]} 15. Qe2 {[%clk 01:03:47]} {[%emt
00:07:19]} cxd4 {[%clk 01:19:58]} {[%emt 00:01:23]} 16. exd4 {[%clk 01:04:03]}
{[%emt 00:00:15]} Rxf4 {[%clk 01:19:50]} {[%emt 00:00:37]} 17. Ne5 {[%clk
01:03:49]} {[%emt 00:00:45]} Qd8 {[%clk 01:18:43]} {[%emt 00:01:36]} 18. f3
{[%clk 01:02:46]} {[%emt 00:01:34]} Ng3 {[%clk 01:17:44]} {[%emt 00:01:29]} 0-1

[Event "DVM U20w 2023"]
[Site "Magdeburg GER"]
[Date "2023.12.28"]
[Round "3"]
[White "Basovskiy, Jana"]
[Black "Kasten, Luna Seraphine"]
[Result "1-0"]
[Termination "normal"]
[Board "6.1"]
[WhiteElo "1847"]
[BlackElo "754"]
[WhiteClock "00:49:22"]
[BlackClock "01:09:02"]
[WhiteTeam "Karlsruher SF 1853"]
[BlackTeam "SV Eintracht Tangerhütte"]
[PlyCount "53"]
[WhiteFideId "16208617"]
[BlackFideId "34681639"]
[EventCountry "GER"]
[EventRounds "7"]
[EventType "team-swiss"]
[EventDate "2023.12.26"]

1. e4 {[%clk 01:30:57]} {[%emt 00:00:02]} Nc6 {[%clk 01:30:46]} {[%emt
00:00:07]} 2. Nf3 {[%clk 01:29:35]} {[%emt 00:02:00]} e6 {[%clk 01:31:02]}
{[%emt 00:00:13]} 3. d4 {[%clk 01:21:52]} {[%emt 00:08:14]} Bb4+ {[%clk
01:31:01]} {[%emt 00:00:32]} 4. c3 {[%clk 01:22:05]} {[%emt 00:00:17]} Be7
{[%clk 01:31:19]} {[%emt 00:00:11]} 5. Bd3 {[%clk 01:22:04]} {[%emt 00:00:31]}
d5 {[%clk 01:30:55]} {[%emt 00:00:53]} 6. e5 {[%clk 01:21:44]} {[%emt
00:00:51]} b6 {[%clk 01:29:56]} {[%emt 00:01:28]} 7. Be3 {[%clk 01:17:58]}
{[%emt 00:04:17]} Bb7 {[%clk 01:29:12]} {[%emt 00:01:15]} 8. Nbd2 {[%clk
01:16:53]} {[%emt 00:01:34]} Qd7 {[%clk 01:28:29]} {[%emt 00:01:08]} 9. O-O
{[%clk 01:14:33]} {[%emt 00:02:55]} O-O-O {[%clk 01:28:49]} {[%emt 00:00:09]}
10. b4 {[%clk 01:14:02]} {[%emt 00:01:02]} a6 {[%clk 01:26:08]} {[%emt
00:02:53]} 11. a4 {[%clk 01:12:32]} {[%emt 00:02:19]} Na7 {[%clk 01:22:11]}
{[%emt 00:04:26]} 12. Qe2 {[%clk 01:09:57]} {[%emt 00:03:02]} Bc6 {[%clk
01:19:21]} {[%emt 00:03:01]} 13. Bxa6+ {[%clk 01:09:58]} {[%emt 00:00:50]} Kb8
{[%clk 01:19:26]} {[%emt 00:00:20]} 14. Nb3 {[%clk 00:55:27]} {[%emt 00:15:07]}
Bxa4 {[%clk 01:18:19]} {[%emt 00:00:26]} 15. Qa2 {[%clk 00:55:27]} {[%emt
00:01:38]} Bxb3 {[%clk 01:18:14]} {[%emt 00:00:37]} 16. Qxb3 {[%clk 00:55:51]}
{[%emt 00:00:08]} Nh6 {[%clk 01:16:46]} {[%emt 00:01:55]} 17. Qa2 {[%clk
00:55:50]} {[%emt 00:00:33]} c6 {[%emt 00:08:10]} 18. b5 {[%clk 00:48:09]}
{[%emt 00:04:36]} Ng4 {[%clk 01:12:27]} {[%emt 00:00:44]} 19. bxc6 {[%clk
00:47:55]} {[%emt 00:00:44]} Qc7 {[%clk 01:10:36]} {[%emt 00:02:21]} 20. Bb7
{[%clk 00:47:56]} {[%emt 00:00:29]} Qxb7 {[%clk 01:10:38]} {[%emt 00:00:27]}
21. cxb7 {[%clk 00:48:20]} {[%emt 00:00:07]} Kxb7 {[%clk 01:10:14]} {[%emt
00:00:32]} 22. Qxa7+ {[%clk 00:48:44]} {[%emt 00:00:28]} Kc6 {[%clk 01:10:01]}
{[%emt 00:00:42]} 23. Rfb1 {[%clk 00:47:51]} {[%emt 00:01:23]} Rb8 {[%clk
01:09:56]} {[%emt 00:00:34]} 24. Qxe7 {[%clk 00:48:09]} {[%emt 00:00:13]} Rhe8
{[%clk 01:09:40]} {[%emt 00:00:46]} 25. Qd6+ {[%clk 00:48:29]} {[%emt
00:00:10]} Kb7 {[%clk 01:09:00]} {[%emt 00:00:46]} 26. Rxb6+ {[%clk 00:48:55]}
{[%emt 00:00:29]} Kc8 {[%clk 01:09:02]} {[%emt 00:00:14]} 27. Rxb8# {[%clk
00:49:22]} {[%emt 00:00:16]} 1-0